BCIS Dilapidations price book (Record no. 121875)

MARC details
000 -LEADER
fixed length control field 01264cam a22002295a 4500
008 - FIXED-LENGTH DATA ELEMENTS--GENERAL INFORMATION
fixed length control field 240402s2023 xxk f 001 0 eng d
020 ## - INTERNATIONAL STANDARD BOOK NUMBER
ISBN 9781915976031
041 0# - LANGUAGE CODE
Language code of text/sound track or separate title eng
110 2# - MAIN ENTRY--CORPORATE NAME
Corporate author Building Cost Information Service
245 00 - TITLE STATEMENT
Title BCIS Dilapidations price book
Subtitle 2024
250 ## - EDITION
Edition statement 10th
260 ## - PUBLICATION INFORMATION
Place of publication London
Publisher BCIS
Date 2023
300 ## - PHYSICAL DESCRIPTION
Physical description 332p
Dimensions 21cm.
520 ## - ABSTRACT
Abstract Provides cost data for dilapidations schedules for both residential and non-residential buildings. Aims to save time and minimise disputes associated with costing schedules of dilapidations. Helps in the application of the BCIS Building Maintenance Price Book, and other estimating price books. Provides supplementary pricing information to help practitioners where changes are needed to reflect local market conditions. The data contained in the price book relates primarily to items of removal, repair, cleaning, reinstatement, new building works or decoration for residential, commercial and industrial property. It is set out in accordance with the RICS New rules of measurement.
520 ## - ABSTRACT
Abstract Supersedes 9th ed ISBN 9781783214211
521 ## - TARGET AUDIENCE NOTE
Target audience note Advanced
650 ## - KEYWORDS
Keywords Price books
651 #4 - SUBJECT ADDED ENTRY--GEOGRAPHIC NAME
Geographic name United Kingdom
690 ## - BROAD SUBJECT
Broad subject Dilapidations
9 (RLIN) 6235
942 ## - ADDED ENTRY ELEMENTS (KOHA)
Suppress in OPAC Do not suppress in OPAC
350 ## - PRICE (NR) (BK AM CF MU VM SE) [OBSOLETE]
Price 205
Holdings
Lost status Damaged status Not for loan Home library Current library Shelving location Date acquired Total Checkouts Full call number Date last seen Price effective from Koha item type
      London London BCIS/BMI publications 02/04/2024   BCIS 02/04/2024 02/04/2024 Book